| 000 | 00990cam a2200301 a 4500 | ||
|---|---|---|---|
| 001 | 000006534 | ||
| 003 | DO-SdBNP | ||
| 005 | 20251028115654.0 | ||
| 008 | 830115s1981 ve b 001 0bspa | ||
| 010 | _a82112656 | ||
| 020 | _a8449948967 | ||
| 040 |
_aDO-SdBNP _cDLC _dDLC _dOCoLC |
||
| 050 | 0 | 0 |
_aPQ8549.B3 _bZ585 1981 |
| 082 | 0 | 0 |
_a861 _aB _219 |
| 245 | 0 | 0 |
_aAntologia del bellismo en Venezuela / _cseleccion y prologo de Pedro Grases. |
| 250 | _a2a ed. aum. | ||
| 260 |
_aCaracas : _bMonte Avila Editores, _cc1981. |
||
| 300 |
_a478 p. ; _c16 cm. |
||
| 490 | 0 | _aColeccion El Dorado | |
| 504 | _aIncludes bibliographical references and index. | ||
| 600 | 1 | 0 |
_aBello, Andres, _d1781-1865. _918145 |
| 650 | 0 |
_aAuthors, venezuelan _y19th century _xBiography. _918146 |
|
| 650 | 4 |
_aStatesmen _zVenezuela _xBiography. _918147 |
|
| 650 | 4 |
_aScholars _zVenezuela _xBiography. _918148 |
|
| 700 | 1 |
_aGrases, Pedro, _d1909- _96755 |
|
| 910 | _aCatalogación original noche | ||
| 942 |
_2ddc _cLBS1 |
||
| 999 |
_c6325 _d6325 |
||